Đánh giá dư lượng kháng sinh và sự đề kháng Quinolone của Escherichia coli trong môi trường nước mặt từ khu vực chăn nuôi tỉnh Long An và đề xuất giải pháp quản lý : Luận văn Thạc sĩ - Chuyên ngành : Quản lý Tài nguyên và Môi trường
Gardado en:
| Autor Principal: | |
|---|---|
| Formato: | Luận văn |
| Idioma: | Undetermined |
| Publicado: |
Đại học Công Nghiệp TP. Hồ Chí Minh
2022
|
| Những chủ đề: | |
| Acceso en liña: | https://opac.iuh.edu.vn/TraCuuTaiLieuSo2XemChiTiet.aspx?Id=120020 |
| Các nhãn: |
Engadir etiqueta
Sen Etiquetas, Sexa o primeiro en etiquetar este rexistro!
|
| Thư viện lưu trữ: | Trung tâm Thư viện - Trường Đại học Công nghiệp TP. Hồ Chí Minh |
|---|
| LEADER | 00915nam a2200169Ia 4500 | ||
|---|---|---|---|
| 001 | UIH_02362 | ||
| 008 | 230809s9999 xx 000 0 und d | ||
| 082 | |a 628.1 | ||
| 100 | |a Lại, Minh Trang | ||
| 245 | 0 | |a Đánh giá dư lượng kháng sinh và sự đề kháng Quinolone của Escherichia coli trong môi trường nước mặt từ khu vực chăn nuôi tỉnh Long An và đề xuất giải pháp quản lý : Luận văn Thạc sĩ - Chuyên ngành : Quản lý Tài nguyên và Môi trường | |
| 245 | 0 | |c Lại, Minh Trang | |
| 260 | |b Đại học Công Nghiệp TP. Hồ Chí Minh | ||
| 260 | |c 2022 | ||
| 650 | |a Quản lý môi trường; | ||
| 856 | |u https://opac.iuh.edu.vn/TraCuuTaiLieuSo2XemChiTiet.aspx?Id=120020 | ||
| 927 | |a Luận văn | ||
| 980 | |a Trung tâm Thư viện - Trường Đại học Công nghiệp TP. Hồ Chí Minh | ||